=LDR 00000nam 2200000 4500 =001 000237 =005 20250710120210 =035 ##$$a 0010-0725000061 =007 ta =008 250710################a##########0#ind## =020 ##$$a 978-623-307-202-1 =082 ##$$a 398.245 =084 ##$$a 398.245 VER s =100 #$$a Veronica W. =245 1#$$a Selamat Tidur, Kola! /$c Veronica W. =250 ##$$a edisi kedua =260 ##$$a Jakarta Timur :$b Badan Pengembangan dan Pembinaan Bahasa,$c 2022 =300 ##$$a 24 hlm. : $b ilus. ; $c 29,7 cm$e 398.245 =650 #4$$a Cerita Anak-Fabel =650 #4$$a Literasi-Bahan Bacaan =856 ##$$a TBM As Suhada